<?xml version="1.0" encoding="UTF-8"?>
<record
    xmlns:xsi="http://www.w3.org/2001/XMLSchema-instance"
    xsi:schemaLocation="http://www.loc.gov/MARC21/slim http://www.loc.gov/standards/marcxml/schema/MARC21slim.xsd"
    xmlns="http://www.loc.gov/MARC21/slim">

  <leader>00895nam0a2200253   4500</leader>
  <controlfield tag="001">RU\NLR\BIBL_A\012059430</controlfield>
  <controlfield tag="005">20250626175138.0</controlfield>
  <datafield tag="010" ind1=" " ind2=" ">
    <subfield code="9">1000</subfield>
  </datafield>
  <datafield tag="035" ind1=" " ind2=" ">
    <subfield code="a">(NLR Aleph) 012059430</subfield>
  </datafield>
  <datafield tag="090" ind1=" " ind2=" ">
    <subfield code="a">13423355</subfield>
    <subfield code="c">13423355</subfield>
  </datafield>
  <datafield tag="100" ind1=" " ind2=" ">
    <subfield code="a">20190717d1956    |||y0rusy50      ca</subfield>
  </datafield>
  <datafield tag="101" ind1="0" ind2=" ">
    <subfield code="a">chv</subfield>
  </datafield>
  <datafield tag="102" ind1=" " ind2=" ">
    <subfield code="a">RU</subfield>
  </datafield>
  <datafield tag="105" ind1=" " ind2=" ">
    <subfield code="a">a   z   000 y</subfield>
  </datafield>
  <datafield tag="200" ind1="1" ind2=" ">
    <subfield code="a">&#x41C;&#x430;&#x448;&#x438;&#x43D;&#x430;-&#x442;&#x440;&#x430;&#x43A;&#x442;&#x43E;&#x440; &#x441;&#x442;&#x430;&#x43D;&#x446;&#x438;&#x439;&#x4D7;&#x43D;&#x447;&#x438; &#x43F;&#x430;&#x440;&#x442;&#x438; &#x43E;&#x440;&#x433;&#x430;&#x43D;&#x438;&#x437;&#x430;&#x446;&#x438;&#x439;&#x4D7;</subfield>
    <subfield code="e">(&#x427;&#x443;&#x440;&#x430;&#x447;&#x4D1;&#x43A; &#x41C;&#x422;&#x421;-&#x4D7;&#x43D;&#x447;&#x438; &#x43F;&#x430;&#x440;&#x442;&#x43E;&#x440;&#x433;&#x430;&#x43D;&#x438;&#x437;&#x430;&#x446;&#x438;&#x43D; &#x4D7;&#x4AB; &#x43E;&#x43F;&#x44B;&#x442;&#x4D7;&#x43D;&#x447;&#x435;&#x43D;)</subfield>
    <subfield code="f">&#x41A;. &#x421;. &#x421;&#x43C;&#x438;&#x440;&#x43D;&#x43E;&#x432;</subfield>
  </datafield>
  <datafield tag="210" ind1=" " ind2=" ">
    <subfield code="a">&#x428;&#x443;&#x43F;&#x430;&#x448;&#x43A;&#x430;&#x440;</subfield>
    <subfield code="c">&#x427;&#x4D1;&#x432;&#x430;&#x448; &#x410;&#x421;&#x421;&#x420; &#x413;&#x43E;&#x441;. &#x418;&#x437;&#x434;-&#x432;&#x438;</subfield>
    <subfield code="d">1956</subfield>
  </datafield>
  <datafield tag="215" ind1=" " ind2=" ">
    <subfield code="a">26, [2] c.</subfield>
    <subfield code="c">&#x438;&#x43B;.</subfield>
    <subfield code="d">20</subfield>
  </datafield>
  <datafield tag="541" ind1="1" ind2=" ">
    <subfield code="a">&#x41F;&#x430;&#x440;&#x442;&#x438;&#x439;&#x43D;&#x430;&#x44F; &#x43E;&#x440;&#x433;&#x430;&#x43D;&#x438;&#x437;&#x430;&#x446;&#x438;&#x44F; &#x41C;&#x422;&#x421;</subfield>
    <subfield code="z">rus</subfield>
  </datafield>
  <datafield tag="686" ind1="1" ind2=" ">
    <subfield code="a">&#x423;9(2)321.192.1</subfield>
  </datafield>
  <datafield tag="700" ind1=" " ind2="1">
    <subfield code="a">&#x421;&#x43C;&#x438;&#x440;&#x43D;&#x43E;&#x432;</subfield>
    <subfield code="b">&#x41A;. &#x421;.</subfield>
    <subfield code="4">070</subfield>
  </datafield>
  <datafield tag="852" ind1=" " ind2=" ">
    <subfield code="a">NLR</subfield>
    <subfield code="b">&#x41E;&#x41D;&#x41B;</subfield>
    <subfield code="j">&#x427;&#x443;&#x432;./2-1456</subfield>
  </datafield>
  <datafield tag="942" ind1=" " ind2=" ">
    <subfield code="c">BOOK</subfield>
  </datafield>
  <datafield tag="980" ind1=" " ind2=" ">
    <subfield code="a">NB</subfield>
  </datafield>
  <datafield tag="995" ind1=" " ind2=" ">
    <subfield code="5">2019-07-17</subfield>
    <subfield code="b">NLR01</subfield>
    <subfield code="c">NLR01</subfield>
    <subfield code="e">ONL</subfield>
    <subfield code="f">1-2409396</subfield>
    <subfield code="k">&#x41E;&#x41D;&#x41B; &#x427;&#x443;&#x432;./2-1456</subfield>
    <subfield code="o">0</subfield>
    <subfield code="r">BOOK</subfield>
    <subfield code="s">_21456</subfield>
  </datafield>
</record>
